Kraje mające ponad 1000000 km2 i które, graniczące z Oceanem Spokojnym - Statystyki

Ogólne statystyki
  • Ten quiz został rozwiązany 36 razy
  • Średni wynik to 7 z 9
Statystyki odpowiedzi
km2 Odpowiedź % Poprawnych
9 596 960 km² Chiny
100%
9 984 670 km² Kanada
100%
17 075 400 km² Rosja
97%
9 833 520 km² Stany Zjednoczone
97%
7 688 287 km² Australia
87%
1 905 000 km² Indonezja
87%
1 972 550 km² Meksyk
77%
1 138 910 km² Kolumbia
52%
1 285 216 km² Peru
52%
Nie znaleziono quizów pasujących do podanych kryteriów
Rozkład punktacji
Procent ludzi z każdym wynikiem
Percentyl według liczby udzielonych odpowiedzi
Twoja historia wyników
Nie rozwiązałeś tego quizu